| 000 | 01122nam a2200265 i 4500 | ||
|---|---|---|---|
| 001 | 64808 | ||
| 003 | ES-MaACL | ||
| 005 | 20250721130429.0 | ||
| 007 | t| | ||
| 008 | 040105s1931 sp ||||1| spa d | ||
| 080 | _a012 Foulché-Delbosc, Raymond | ||
| 100 | 1 |
_aFoulché-Delbosc, Isabel. _951940 |
|
| 245 | 1 | 0 |
_aBibliografía de R. Foulché-Delbosc (1864-1929) / _cpor Isabel Foulché-Delbosc y Julio Puyol. |
| 260 |
_aMadrid : _b[s.n.], _c1931 ( _fTip. de la "Revista de Archivos, Bibliotecas y Museos") |
||
| 300 |
_a171 p. : _b1 retr. ; _c25 cm. |
||
| 505 | 8 | _aPreliminar: La obra hispanista de R. Foulché-Delbosc / Julio Puyol | |
| 530 | _aDisponible en formato digital. | ||
| 599 | _aRetr. de R. Foulché-Delbosc. | ||
| 600 | 1 | 4 |
_aFoulché-Delbosc, Raymond- _y1864-1929- _vBibliografías. _9173152 |
| 700 | 1 |
_aPuyol y Alonso, Julio, _d1865-1937 _994454 |
|
| 852 |
_aES-MaACL _jA-1023 _cSPREF _zRevisado enlace: 21 de julio de 2025 |
||
| 856 | 4 |
_uhttps://bibliotecadigital.jcyl.es/es/consulta/registro.do?id=5680 _yBiblioteca Digital de Castilla y León |
|
| 942 | _2udc | ||
| 999 |
_c64808 _d64808 |
||